Informačné technológie

Z obsahu prílohy: Počítačové vírusy - Trójske kone - softwarové bomby. Slov Tel GSM v rozbehu. Multiservisné chrbticové siete. Revolúcia má skratku DVD (Digital Video Disk). Ako sa orientovať pri výbere a kúpe tlačiarne. Úspech neovplyvňuje výrobok, ale predovšetkým ľudia. Pracujete s počítačom a bo...

Full description

Saved in:
Bibliographic Details
Main Author: Danilák, M.
Other Authors: Žirko, M., Kleštinec, P.
Format: Book Chapter
Language:Slovak
Subjects:
Tags: Add Tag
No Tags, Be the first to tag this record!

MARC

LEADER 00000naa a2200000 4500
001 r022321
005 20230801110030.2
041 0 |a slo 
044 |a SK 
245 1 0 |a Informačné technológie  |c M. Danilák, M. Žirko, P. Kleštinec 
520 |a Z obsahu prílohy: Počítačové vírusy - Trójske kone - softwarové bomby. Slov Tel GSM v rozbehu. Multiservisné chrbticové siete. Revolúcia má skratku DVD (Digital Video Disk). Ako sa orientovať pri výbere a kúpe tlačiarne. Úspech neovplyvňuje výrobok, ale predovšetkým ľudia. Pracujete s počítačom a bolia vás oči? EDACS na pulze života. 
610 2 0 |a technológie informačné 
610 2 0 |a počítače 
610 2 0 |a softvér 
610 2 0 |a hardvér 
610 2 0 |a Informix Software 
610 2 0 |a ochrana zdravia 
610 2 0 |a EDACS 
610 2 0 |a infraštruktúra informačná 
610 2 0 |a DVD 
100 1 |a Danilák, M. 
700 1 |a Žirko, M. 
700 1 |a Kleštinec, P.